| 000 | 01312nam a2200325 a 4500 | ||
|---|---|---|---|
| 001 | 000113097 | ||
| 003 | CHAP | ||
| 005 | 20220329144338.0 | ||
| 008 | 170421s2016 mx sm |||||||spa d | ||
| 010 | _a109558 | ||
| 011 | _a110530 | ||
| 040 | _cCHAP | ||
| 090 | _aTesis | ||
| 100 | 1 |
_aZarate Escobedo, Johana _9131955 |
|
| 245 | 1 | 0 |
_aEnsayo piloto de extracción del aceite esencial de poblaciones naturales de Tagetes lucida cav. para la evaluación toxicológica en nematodos presentes en jitomate (Solanum lycopersicum L.) _h[En línea] _cJohana Zarate Escobedo. |
| 260 |
_aChapingo, Méx. : _bEl autor, _c2016. |
||
| 500 | _aPara ver el contenido del material haga clic en la liga | ||
| 502 | _aTesis (M.C. en Horticultura) -- UACH. Departamento de Fitotecnia | ||
| 590 |
_aBATCH-UPD _b05 _c20170421 _lUCH01 _h0827 |
||
| 590 |
_aE5765TAJ _b05 _c20170421 _lUCH01 _h0827 |
||
| 590 |
_aE5765TAJ _b05 _c20170421 _lUCH01 _h0828 |
||
| 650 | 1 | 4 |
_aAceites esenciales _xEfecto en nemátodos. _9131560 |
| 650 | 1 | 4 |
_aNacobbus aberrans _xControl. _9131957 |
| 650 | 1 | 4 |
_aTagete lucida _xAceites esenciales _xToxicidad. _9131956 |
| 650 | 1 | 4 |
_aTomate _xEnfermedades por nemátodos. _9113714 |
| 856 |
_aFinding aid _uhttp://10.13.5.2/tesis/sist113097.pdf _zTeclea aquí |
||
| 901 | _aBK | ||
| 942 | _cTESIS | ||
| 942 | _n0 | ||
| 999 |
_c109558 _d109558 |
||